00247nam a22000857a 450000500170000000800410001708200130005824500500007165000400012120250820174707.0250820b |||||||| |||| 00| 0 eng d a005bMIC aMicrosoft Office 365 Office 2016 Intermediate aComputer/Microsoft Office & Windows